Wymień imię męskie zakończone literą „n”. - Statystyki

Ogólne statystyki
  • Ten quiz został rozwiązany 92 razy
  • Średni wynik to 3 z 8
Statystyki odpowiedzi
Odpowiedź % Poprawnych
Damian
64%
Marian
54%
Adrian
49%
Sebastian
32%
Szymon
32%
Fabian
30%
Zenon
30%
Leon
23%
Nie znaleziono quizów pasujących do podanych kryteriów
Rozkład punktacji
Procent ludzi z każdym wynikiem
Percentyl według liczby udzielonych odpowiedzi
Twoja historia wyników
Nie rozwiązałeś tego quizu